[Event "WJCC U20 Open 2019"]
[Site "New Delhi"]
[Date "2019.10.18"]
[Round "5.16"]
[White "Raghunandan, Kaumandur Srihari"]
[Black "Winkelman, Albert"]
[Result "1-0"]
[WhiteElo "2449"]
[BlackElo "2143"]
[Annotator "TA"]
[PlyCount "89"]
[EventDate "2019.10.15"]
[EventType "swiss"]
[EventCountry "IND"]
[SourceTitle "playchess.com"]
[Source "ChessBase"]
[SourceQuality "1"]

{[%evp 9,89,15,16,16,12,12,11,8,8,14,17,12,19,0,4,0,0,0,50,-31,-10,-24,-10,-4,-12,-93,28,15,64,64,65,62,70,35,60,0,0,0,0,-104,-79,-181,-164,-666,-650,-624,-410,-782,-204,-202,-62,-59,-68,-172,-81,-229,-43,-38,0,0,0,0,0,0,0,0,0,0,984,984,984,964,818,557,537,497,467,462,29968,29970,29970,7052]} 1. d4 Nf6 2. Bg5 d5 3. e3 h6 (3... c5 4. c3 Nc6 5. Nd2 cxd4 6. exd4 Bf5 7. Ne2 e6 8. Nc1 Be7 9. Bd3 Bg6 10. h4 Bxd3 11. Nxd3 h6 12. Bxf6 Bxf6 {1-0 (63) Rapport,R (2747)-Caruana,F (2818) Saint Louis 2019}) 4. Bxf6 exf6 5. c4 dxc4 6. Bxc4 {D00: 1 d4 d5: Unusual lines} Bd6 7. Nc3 (7. Ne2 {seems wilder.} f5 8. Qc2 O-O 9. O-O c6 10. Nd2) 7... f5 8. Nf3 {The position is equal.} Nd7 {[%cal Bb8d7,Bd7f6,Bf6g4][%mdl 32]} 9. O-O O-O 10. Qc2 Nf6 11. Rfd1 $146 ({Predecessor:} 11. Bd3 g6 12. Nb5 {0-1 (55) Aliyev,K (2087)-Sultanov,I (2157) Tashkent 2012}) 11... a6 12. a3 Qe7 13. Nh4 Ng4 (13... Bxh2+ $5 14. Kf1 (14. Kxh2 Ng4+ {[%mdl 64] Discovered Attack} 15. Kg3 Ne5 $11) 14... Kh8 $11) 14. Ng6 (14. Nxf5 $2 Bxh2+ 15. Kf1 Qg5 $19) (14. g3 $14) 14... Bxh2+ $15 15. Kf1 $1 (15. Kh1 $2 Qg5 $19) 15... Qg5 16. Nxf8 Bg3 17. Nd5 (17. Ng6 $11 {keeps the balance.} Qxg6 18. Nd5) 17... Bd6 (17... c6 $1 $17 {[%cal Rc6d5]} 18. Nb6 Bxf2) 18. Be2 $11 Kxf8 19. Bxg4 Qxg4 20. Nxc7 Rb8 21. Rdc1 Bd7 22. Nd5 (22. Qb3 $1 $14) 22... Bc6 23. f3 Qh4 24. Nf4 (24. Nc3 $11 Re8 25. Qf2 (25. Qxf5 Qh1+ 26. Kf2 Qh4+ 27. Kf1 Qh1+ 28. Ke2 Qxg2+ 29. Kd3 Qxb2 $14)) 24... g5 $1 $17 {[%cal Rg5f4]} 25. Nh3 {[#]} (25. Ne2 $17) 25... g4 $1 $19 {[%cal Rg4h3]} (25... Bb5+ 26. Kg1 $17) 26. fxg4 $2 (26. Qxf5 gxf3 27. Rxc6 (27. gxf3 $2 Bb5+ {[%mdl 64] Overworked Piece} 28. Qxb5 Qxh3+ {[%mdl 64] Double Attack} 29. Kf2 Qh2+ 30. Ke1 axb5 $19) 27... fxg2+ 28. Kxg2 Qg3+ 29. Kf1 bxc6 {[%mdl 64] Discovered Attack} 30. b4 Qxe3 31. Nf2) 26... fxg4 (26... Bb5+ 27. Kg1 $17) 27. Nf2 Bb5+ 28. Ke1 (28. Nd3 $142 Qh1+ 29. Ke2 Qxg2+ 30. Kd1 Qf3+ 31. Kd2) 28... Bg3 $2 (28... Re8 29. Kd1 g3) 29. a4 Qh1+ ({Better is} 29... Bc6 $19 {...Qh1+ is the strong threat.} 30. Kf1 Rd8 31. Qc5+ Kg7) 30. Kd2 $15 Qxg2 31. Qc5+ {[#]} ({White must play} 31. axb5 $15 Re8 32. Qf5 Bxf2 33. Kd3 Rxe3+ 34. Kc4) 31... Kg8 (31... Kg7 $1 $19 {is more deadly.} 32. axb5 (32. Qf5 Bxf2 33. axb5 Re8 $17) 32... Re8) 32. axb5 (32. Qf5 $17 {was the only defense.} Bxf2 33. Rc8+ Rxc8 34. Qxc8+ Kg7 35. axb5) 32... Bxf2 $2 ({Black should play} 32... Qxf2+ $19 33. Kd1 Qxe3) 33. Qf5 Bxe3+ (33... Re8 $5 {[%cal Rf2e3]} 34. Rc2 axb5 $17) 34. Kxe3 Re8+ 35. Kd3 {And now Kc4 would win.} Qe2+ 36. Kc3 {Black must now prevent Kb3.} Re3+ 37. Kb4 {aiming for Rc2.} Qxb2+ 38. Ka5 Ra3+ $2 {[%mdl 8192] [#]} (38... Re6 $11 39. Qb1 (39. Qxg4+ $2 Kf8 $19) 39... Qxd4) 39. Kb6 $1 $18 Qxd4+ 40. Kxb7 Rxa1 41. Rxa1 axb5 42. Rf1 Qg7 43. Rf4 h5 (43... Qf8 $18 44. Qxg4+ Kh8) 44. Qxh5 f5+ 45. Kc6 {Accuracy: White = 38%, Black = 58%.} 1-0

[Event "WJCC U20 Open 2019"]
[Site "New Delhi"]
[Date "2019.10.18"]
[Round "5.17"]
[White "Neelash Saha"]
[Black "Murzin, Volodar"]
[Result "0-1"]
[WhiteElo "2334"]
[BlackElo "2433"]
[Annotator "NA"]
[PlyCount "138"]
[EventDate "2019.10.15"]
[EventType "swiss"]
[EventCountry "IND"]
[SourceTitle "playchess.com"]
[Source "ChessBase"]
[SourceQuality "1"]
[TimeControl "40/5400+30:1800+30"]

1. e4 {[%emt 0:00:00]} c5 {[%emt 0:05:17]} 2. Nf3 {[%emt 0:00:00]} d6 {[%emt 0:00:06]} 3. Bb5+ {[%emt 0:00:00]} Nd7 {[%emt 0:01:59]} 4. O-O {[%emt 0:00:05]} a6 {[%emt 0:02:17]} 5. Bd3 {[%emt 0:00:06]} Ngf6 {[%emt 0:00:21]} 6. Re1 {[%emt 0:00:16]} e6 {[%emt 0:06:35]} 7. c3 {[%emt 0:01:31]} Be7 {[%emt 0:01:26]} 8. Bc2 {[%emt 0:01:57]} b5 {[%emt 0:01:48]} 9. d4 {[%emt 0:01:00]} Bb7 {[%emt 0:00:18]} 10. Nbd2 {[%emt 0:08:03]} Qc7 $11 {[%emt 0:01:07]} 11. Nf1 {[%emt 0:03:34]} Rc8 {[%emt 0:02:35]} 12. Bd3 {[%emt 0:01:40]} O-O {[%emt 0:00:28]} 13. Ng3 {[%emt 0:01:37]} Rfe8 {[%emt 0:05:00]} 14. h3 {[%emt 0:04:28]} b4 {[%emt 0:11:38]} 15. Bd2 {[%emt 0:08:16]} a5 {[%emt 0:01:52]} 16. Rc1 {[%emt 0:00:30]} Qb8 {[%emt 0:02:18]} 17. Qe2 {[%emt 0:04:12]} cxd4 {[%emt 0:00:35]} 18. cxd4 {[%emt 0:00:06]} Rxc1 {[%emt 0:00:06]} 19. Bxc1 {[%emt 0:01:42]} Rc8 {[%emt 0:00:20]} 20. Nh2 {[%emt 0:07:21]} Qc7 {[%emt 0:10:34]} 21. Bg5 {[%emt 0:08:03]} Qd8 {[%emt 0:01:23]} 22. Rd1 {[%emt 0:06:46]} Nh5 {[%emt 0:14:39]} 23. Bxe7 {[%emt 0:07:44]} Nxg3 {[%emt 0:00:22]} 24. Qg4 {[%emt 0:00:50]} Ne2+ {[%emt 0:00:51]} 25. Qxe2 {[%emt 0:02:14]} Qxe7 {[%emt 0:00:06]} 26. Nf3 {[%emt 0:01:03]} Nf8 {[%emt 0:07:44]} 27. Qd2 {[%emt 0:04:43]} Qd8 {[%emt 0:01:11]} 28. Rc1 {[%emt 0:00:16]} Rxc1+ {[%emt 0:04:22]} 29. Qxc1 {[%emt 0:00:07]} h6 {[%emt 0:00:55]} 30. Qc2 {[%emt 0:01:46]} Ng6 {[%emt 0:01:00]} 31. g3 {[%emt 0:03:40]} Ne7 {[%emt 0:00:09]} 32. Qe2 {[%emt 0:02:33]} Qc8 {[%emt 0:02:12]} 33. Qc2 {[%emt 0:00:17]} Qxc2 {[%emt 0:02:55]} 34. Bxc2 {[%emt 0:00:06]} Ba6 {[%emt 0:03:23]} 35. Kg2 {[%emt 0:01:58]} Kf8 {[%emt 0:02:08]} 36. Ba4 {[%emt 0:01:48]} d5 {[%emt 0:00:22]} 37. exd5 {[%emt 0:04:28]} Nxd5 {[%emt 0:00:41]} 38. Ne5 {[%emt 0:00:51]} Nb6 {[%emt 0:01:05]} 39. Bc2 {[%emt 0:01:51]} f6 {[%emt 0:02:26]} 40. Ng4 {[%emt 0:02:59]} Nc4 {[%emt 0:01:15]} 41. b3 {[%emt 0:35:28]} Na3 {[%emt 0:30:37]} 42. Ne3 {[%emt 0:00:08]} Nb5 {[%emt 0:00:00]} 43. Bd3 {[%emt 0:00:00]} Bb7+ {[%emt 0:00:00]} 44. Kf1 {[%emt 0:00:00]} Nxd4 {[%emt 0:00:00]} 45. Ke1 {[%emt 0:00:00]} Ke7 {[%emt 0:00:00]} 46. Kd2 {[%emt 0:00:00]} Bd5 {[%emt 0:00:00]} 47. f4 {[%emt 0:00:00]} Kd6 {[%emt 0:00:00]} 48. Kc1 {[%emt 0:00:00]} Kc5 {[%emt 0:00:00]} 49. h4 {[%emt 0:00:00]} Nc6 {[%emt 0:00:00]} 50. Kd2 {[%emt 0:00:00]} Ne7 {[%emt 0:00:00]} 51. g4 {[%emt 0:00:00]} g5 {[%emt 0:00:00]} 52. fxg5 {[%emt 0:00:00]} fxg5 {[%emt 0:00:00]} 53. hxg5 {[%emt 0:00:00]} hxg5 {[%emt 0:00:00]} 54. Nd1 {[%emt 0:00:00]} Kd4 {[%emt 0:00:00]} 55. Ne3 {[%emt 0:00:00]} Ng8 {[%emt 0:00:00]} 56. Nc2+ {[%emt 0:00:00]} Ke5 {[%emt 0:00:00]} 57. Ne3 {[%emt 0:00:00]} Nf6 {[%emt 0:00:00]} 58. Bc4 {[%emt 0:00:00]} Kf4 {[%emt 0:01:29]} 59. Bxd5 {[%emt 0:00:00]} exd5 {[%emt 0:00:07]} 60. Kd3 {[%emt 0:00:00]} Ke5 {[%emt 0:00:15]} 61. Nf5 {[%emt 0:00:00]} Nxg4 {[%emt 0:00:17]} 62. Nd4 {[%emt 0:00:00]} Nf2+ {[%emt 0:02:15]} 63. Ke3 {[%emt 0:00:00]} Nd1+ {[%emt 0:00:13]} 64. Kd3 {[%emt 0:00:00]} g4 {[%emt 0:00:21]} 65. Nc6+ {[%emt 0:00:00]} Kf4 {[%emt 0:00:12]} 66. Ke2 {[%emt 0:00:00]} g3 {[%emt 0:00:14]} 67. Kf1 {[%emt 0:00:00]} Ne3+ 68. Ke2 {[%emt 0:00:00]} Ke4 {[%emt 0:00:39]} 69. Nxa5 {[%emt 0:00:00]} d4 {[%emt 0:00:04] Kd3+} 0-1

[Event "WJCC U20 Open 2019"]
[Site "New Delhi"]
[Date "2019.10.18"]
[Round "5.18"]
[White "Saurabh Anand"]
[Black "Davtyan, Artur"]
[Result "1/2-1/2"]
[WhiteElo "2236"]
[BlackElo "2418"]
[Annotator "NA RC"]
[PlyCount "60"]
[EventDate "2019.10.15"]
[EventType "swiss"]
[EventCountry "IND"]
[SourceTitle "playchess.com"]
[Source "ChessBase"]
[SourceQuality "1"]
[TimeControl "40/5400+30:1800+30"]

1. e4 {[%emt 0:00:00]} e5 {[%emt 0:00:00]} 2. Nf3 {[%emt 0:00:09]} Nc6 {[%emt 0:01:14]} 3. d4 {[%emt 0:00:58]} exd4 {[%emt 0:00:05]} 4. Nxd4 {[%emt 0:00:08]} Bc5 5. Nb3 {[%emt 0:00:25]} Bb6 {[%emt 0:00:41]} 6. Nc3 {[%emt 0:00:19]} Nf6 {[%emt 0:00:06]} 7. Qe2 {[%emt 0:00:27]} a5 {[%emt 0:00:54]} 8. a4 {[%emt 0:00:51]} O-O {[%emt 0:00:39]} 9. Bg5 {[%emt 0:00:16]} Nd4 {[%emt 0:01:18]} 10. Qd2 {[%emt 0:01:23]} Nxb3 {[%emt 0:13:03]} 11. cxb3 {[%emt 0:02:04]} h6 {[%emt 0:00:29]} 12. Be3 {[%emt 0:03:18]} Bxe3 {[%emt 0:02:05]} 13. Qxe3 {[%emt 0:00:23]} c6 {[%emt 0:00:04]} 14. O-O-O {[%emt 0:05:52]} d5 {[%emt 0:00:59]} 15. exd5 {[%emt 0:02:04]} cxd5 {[%emt 0:05:21]} 16. Qd4 {[%emt 0:02:58]} Be6 {[%emt 0:02:42]} 17. Kb1 {[%emt 0:03:55]} Rc8 {[%emt 0:01:08]} 18. Bb5 {[%emt 0:08:29]} Qd6 {[%emt 0:00:19]} 19. f3 {[%emt 0:00:48]} Rc7 {[%emt 0:02:16]} 20. g4 {[%emt 0:05:41]} Rfc8 {[%emt 0:00:24]} 21. Ka2 {[%emt 0:02:35]} Qc5 {[%emt 0:23:04]} 22. h4 {[%emt 0:05:33]} Rd8 {[%emt 0:01:31]} 23. Rh2 {[%emt 0:04:41]} Qxd4 {[%emt 0:02:22]} 24. Rxd4 {[%emt 0:00:11]} Kf8 {[%emt 0:00:38]} 25. Rhd2 {[%emt 0:02:24]} Rc5 {[%emt 0:01:17]} 26. Bc4 {[%emt 0:04:33]} Rd7 {[%emt 0:01:28]} 27. Bb5 {[%emt 0:03:33]} Rd8 {[%emt 0:00:39]} 28. Bc4 {[%emt 0:02:42]} Rd7 {[%emt 0:01:01]} 29. Bb5 {[%emt 0:01:00]} Rd8 {[%emt 0:00:05]} 30. Bc4 {[%emt 0:06:05]} Rd7 {[%emt 0:05:32]} 1/2-1/2

[Event "WJCC U20 Open 2019"]
[Site "New Delhi"]
[Date "2019.10.18"]
[Round "5.19"]
[White "Albornoz Cabrera, Carlos Daniel"]
[Black "Rakesh Kumar Jena"]
[Result "1-0"]
[WhiteElo "2581"]
[BlackElo "2355"]
[Annotator "TA"]
[PlyCount "45"]
[EventDate "2019.10.15"]
[EventType "swiss"]
[EventCountry "IND"]
[SourceTitle "playchess.com"]
[Source "ChessBase"]
[SourceQuality "1"]

{[%evp 25,45,46,32,-19,0,-69,-31,-25,0,0,0,0,0,-36,-29,-33,-12,-14,-18,-11,810,785]} 1. e4 c5 2. Nf3 d6 3. d4 cxd4 4. Nxd4 Nf6 5. Nc3 Nc6 6. Bg5 e6 7. Qd2 a6 8. O-O-O Bd7 9. f4 Be7 10. Nf3 b5 11. e5 b4 12. exf6 bxc3 13. Qxc3 gxf6 14. Bh6 {B68: Sicilian: Richter-Rauzer: 7...a6 8 0-0-0 Bd7 9 f4 Be7} (14. Bh4 $14) (14. Bh4 d5 15. Kb1 Rb8 16. a3 Rg8 17. Bxa6 Qb6 18. Bf1 Ra8 19. Qb3 Qa7 20. Qc3 Rb8 21. Rd3 Na5 22. Nd2 Nc4 23. Nxc4 dxc4 24. Rxd7 Qxd7 25. Bxc4 {1-0 (38) Inarkiev,E (2692)-Gupta,A (2602) Sharjah 2019}) 14... d5 $11 15. a3 (15. Kb1 $11) 15... Rg8 {[#] White must now prevent ...Rg6.} 16. f5 $1 {Black is slightly better.} Qb6 $146 ({Predecessor:} 16... Qa5 17. Qd3 e5 18. Qxd5 Qxd5 19. Rxd5 Bxf5 20. Nd2 Nd4 21. c3 Be6 {0-1 (29) Tonndorf,M (2256)-Tischbierek,R (2452) Apolda 2017}) 17. Be3 Qb7 18. fxe6 fxe6 19. Bc5 Bxc5 20. Qxc5 Rc8 21. Qe3 Ne7 22. Bd3 Qb3 $2 {[%mdl 8192] [#]} (22... e5 $11 23. Nxe5 fxe5 24. Qxe5 Qc7) 23. Bg6+ $1 {[%mdl 512] Accuracy: White = 54%, Black = 23%.} 1-0

[Event "WJCC U20 Open 2019"]
[Site "New Delhi"]
[Date "2019.10.18"]
[Round "5.20"]
[White "Dobrovoljc, Vid"]
[Black "Gazik, Viktor"]
[Result "0-1"]
[WhiteElo "2389"]
[BlackElo "2546"]
[Annotator "TA"]
[PlyCount "74"]
[EventDate "2019.10.15"]
[EventType "swiss"]
[EventCountry "IND"]
[SourceTitle "playchess.com"]
[Source "ChessBase"]
[SourceQuality "1"]

{[%evp 9,92,46,76,70,103,73,73,45,75,56,49,30,62,0,0,0,0,-20,-16,-15,-12,-26,-18,-29,-36,-25,-31,-31,-24,-28,-24,-38,-12,-12,-12,-14,-18,-20,-10,-15,-10,-51,-16,-19,-16,-21,-20,-26,0,-42,-21,-17,-24,-47,-48,-139,-143,-250,-253,-361,-361,-356,-358,-344,-333,-261,-182,-181,-181,-233,-247,-241,-233,-795,-782,-776,-768,-1113,-1073,-984,-744,-723,-695,-670,-640]} 1. e4 Nf6 2. e5 Nd5 3. d4 d6 4. Nf3 c6 5. c4 Nb6 6. Nc3 {B04: Alekhine's Defence: 4 Nf3} Bg4 {With the idea ...dxe5.} 7. exd6 exd6 8. h3 {White is better.} Bh5 9. Be3 Be7 10. b3 a5 $146 ({Predecessor:} 10... d5 11. c5 N6d7 12. Be2 O-O 13. O-O Re8 14. b4 Nf8 15. b5 Bxf3 16. Bxf3 Bg5 17. Re1 Nbd7 18. Qa4 Bxe3 19. fxe3 Qf6 20. Rac1 {½-½ (20) Potapov,P (2445)-Pridorozhni,A (2553) Pardubice 2010}) 11. a4 ({Better is} 11. Be2 $14) 11... Na6 $11 12. Be2 d5 13. c5 Nd7 14. Qd2 O-O 15. O-O Re8 16. Ne1 Bxe2 17. Nxe2 b6 18. cxb6 Qxb6 19. Nd3 Nf6 20. Rfc1 Nb4 21. Ng3 Bd6 {White should prevent ...Bxg3.} 22. Nxb4 Bxb4 23. Qd3 Re6 24. Bf4 Ne4 25. Nf1 Rf6 26. Be3 Re8 27. Ra2 Rfe6 28. Bf4 Rf6 29. Bh2 h6 30. Re2 {[#] Threatens to win with f3.} Rfe6 $36 {[%mdl 2048] Black has the initiative.} 31. Rec2 c5 32. Be5 ({White should try} 32. dxc5 $1 $15 Bxc5 33. Qxd5 Bxf2+ 34. Kh1) 32... f6 $17 33. dxc5 (33. Bf4 $17 cxd4 34. Rc7) 33... Nxc5 $19 ({Weaker is} 33... Bxc5 34. Qxd5 Bxf2+ 35. Kh1 $11) 34. Qxd5 (34. Rxc5 {was the only chance.} Bxc5 35. Bg3) 34... Rd8 ({Stronger than} 34... fxe5 35. Rxc5 Bxc5 36. Rxc5 $15) 35. Bc7 Rxd5 36. Bxb6 Rxb6 37. Ne3 Rg5 {Played: Rb6-d6} 0-1

[Event "WJCC U20 Open 2019"]
[Site "New Delhi"]
[Date "2019.10.18"]
[Round "5.21"]
[White "Lobanov, Sergei"]
[Black "Pogosyan, Stefan"]
[Result "0-1"]
[WhiteElo "2516"]
[BlackElo "2364"]
[Annotator "TA"]
[PlyCount "72"]
[EventDate "2019.10.15"]
[EventType "swiss"]
[EventCountry "IND"]
[SourceTitle "playchess.com"]
[Source "ChessBase"]
[SourceQuality "1"]

{[%evp 13,80,7,16,19,21,5,9,9,9,19,6,18,26,0,0,0,102,6,122,87,77,89,108,-23,-22,-15,-18,-20,0,-34,-19,-35,-21,-36,-40,-40,-25,-35,-29,-122,-122,-121,-115,-142,-131,-235,-202,-372,-393,-596,-597,-596,-596,-584,-568,-522,-482,-468,-460,-434,-406,-1833,-1985,-29983,-29984,-29984,-29985,-29978,-29974]} 1. e4 c5 2. Nf3 e6 3. d4 cxd4 4. Nxd4 Nc6 5. Nc3 Qc7 6. Be3 Nf6 7. Ndb5 Qb8 $1 8. f4 {B47: Sicilian: Taimanov: 5 Nc3 Qc7 6 f4, 6 g3 and 6 Be2} a6 {[%cal Ba7a6,Ba6b5,Bb5b4][%mdl 32]} (8... d6 9. Bd3 a6 10. Nd4 e5 11. Nf3 Ng4 12. Bd2 exf4 13. Bxf4 Be6 14. Qd2 Be7 15. O-O-O Nge5 {½-½ (38) Najer,E (2633)-Grachev,B (2683) Khanty-Mansiysk 2013}) 9. e5 axb5 10. exf6 {The position is equal.} b4 $1 $132 {[%cal Rb4c3][%mdl 2048] Black is fighting back} 11. Nb5 {Threatens to win with Bb6.} b6 $1 12. fxg7 Bxg7 13. Nd6+ Ke7 $1 14. Nc4 $1 Ra6 (14... Rg8 $11) 15. Qd2 $146 ({White should try} 15. Qh5 $16) ({Predecessor:} 15. Qh5 d6 {0-1 (33) Balint,V (2218)-Dovzik,J (2416) Nyiregyhaza 2005}) 15... Rd8 (15... b5 $1 $11 {remains equal.} 16. Bc5+ {[%mdl 64] Double Attack} Kd8) 16. Rd1 d6 {Threatening ...b5.} 17. Qf2 b5 18. Nxd6 (18. Nb6 $16 Ra5 19. Bd3 Bxb2 20. O-O) 18... Rxd6 $11 19. Bc5 {[%mdl 64] Pin} Nd8 20. Bxb4 {[%mdl 64] Pin} Bd7 21. Rxd6 Rxd6 22. c3 Ke8 {next ...Rd5 is good for Black.} 23. Bxd6 Qxd6 24. Qd2 Qc5 25. Bd3 Nb7 26. Bxh7 {[#]} (26. a3 $11 {keeps the balance.}) 26... f5 $1 $17 27. Bg6+ Ke7 {[%mdl 1024] Black has strong compensation.} 28. Qf2 Qc4 29. Bh5 {[#]} (29. Qe2 $17 {was worth a try.}) 29... Nd6 $1 $19 ({And not} 29... Qxa2 30. O-O $14) 30. Bf3 $2 (30. a3) 30... b4 31. Qh4+ (31. Be2 $142 Qxa2 32. O-O Qxb2 33. Rd1 bxc3 34. Qc5) 31... Bf6 32. Qh7+ Nf7 33. Kf2 bxc3 34. bxc3 Qxf4 {And now ...Qd2+ would win.} 35. Rd1 {intending Rxd7+!} Bc6 36. Rd3 {[#]} Kf8 {Played: Bf6xc3} 0-1

[Event "WJCC U20 Open 2019"]
[Site "New Delhi"]
[Date "2019.10.18"]
[Round "5.22"]
[White "Parkhov, Yair"]
[Black "Kuybokarov, Temur"]
[Result "1/2-1/2"]
[WhiteElo "2350"]
[BlackElo "2501"]
[Annotator "ChessBase"]
[PlyCount "62"]
[EventDate "2019.10.15"]
[EventType "swiss"]
[EventCountry "IND"]
[SourceTitle "playchess.com"]
[Source "ChessBase"]
[SourceQuality "1"]
[TimeControl "40/5400+30:1800+30"]

1. d4 {[%emt 0:00:00]} d5 {[%emt 0:00:00]} 2. c4 {[%emt 0:00:00]} dxc4 {[%emt 0:00:00]} 3. e4 {[%emt 0:00:00]} e5 {[%emt 0:00:34]} 4. Nf3 {[%emt 0:00:07]} exd4 {[%emt 0:00:16]} 5. Bxc4 {[%emt 0:00:09]} Bb4+ {[%emt 0:00:13]} 6. Bd2 {[%emt 0:05:08]} Bxd2+ {[%emt 0:00:35]} 7. Nbxd2 {[%emt 0:06:30]} Qf6 {[%emt 0:00:18]} 8. Nb3 {[%emt 0:06:24]} Nc6 {[%emt 0:06:58]} 9. Nbxd4 {[%emt 0:03:21]} Nge7 {[%emt 0:02:33]} 10. Nb5 {[%emt 0:14:27]} Qf4 {[%emt 0:06:23]} 11. O-O {[%emt 0:02:25]} O-O {[%emt 0:03:30]} 12. Qc1 {[%emt 0:13:10]} Qxe4 {[%emt 0:07:39]} 13. Re1 {[%emt 0:00:40]} Qg6 {[%emt 0:09:18]} 14. Nxc7 {[%emt 0:01:20]} Rb8 {[%emt 0:07:19]} 15. Nd5 {[%emt 0:06:30]} Nxd5 {[%emt 0:13:28]} 16. Bxd5 {[%emt 0:00:08]} Bh3 {[%emt 0:03:43]} 17. Ne5 {[%emt 0:10:33]} Nxe5 {[%emt 0:00:22]} 18. Rxe5 {[%emt 0:00:10]} Bd7 {[%emt 0:08:48]} 19. Qe3 {[%emt 0:01:24]} b6 {[%emt 0:03:02]} 20. Re1 {[%emt 0:00:50]} Bc6 {[%emt 0:01:27]} 21. h3 {[%emt 0:05:03]} h6 {[%emt 0:02:51]} 22. Qe4 {[%emt 0:01:10]} Bxd5 {[%emt 0:01:30]} 23. Qxg6 {[%emt 0:00:56]} fxg6 {[%emt 0:00:06]} 24. Rxd5 {[%emt 0:00:05]} Rfd8 {[%emt 0:01:10]} 25. Red1 {[%emt 0:00:28]} Rxd5 {[%emt 0:00:17]} 26. Rxd5 {[%emt 0:00:06]} Rc8 {[%emt 0:00:22]} 27. Rd7 {[%emt 0:00:28]} Rc2 {[%emt 0:00:55]} 28. Rxa7 {[%emt 0:00:08]} Rxb2 {[%emt 0:00:06]} 29. a4 {[%emt 0:00:08]} g5 {[%emt 0:00:18]} 30. f3 {[%emt 0:00:10]} Kh7 {[%emt 0:00:24]} 31. a5 {[%emt 0:00:09]} bxa5 {[%emt 0:00:55]} 1/2-1/2

[Event "WJCC U20 Open 2019"]
[Site "New Delhi"]
[Date "2019.10.18"]
[Round "5.23"]
[White "Eugene, Floryan"]
[Black "Drygalov, Sergey"]
[Result "0-1"]
[WhiteElo "2346"]
[BlackElo "2470"]
[Annotator "ChessBase"]
[PlyCount "56"]
[EventDate "2019.10.15"]
[EventType "swiss"]
[EventCountry "IND"]
[SourceTitle "playchess.com"]
[Source "ChessBase"]
[SourceQuality "1"]
[TimeControl "40/5400+30:1800+30"]

1. e4 {[%emt 0:00:00]} c5 {[%emt 0:00:00]} 2. Nc3 {[%emt 0:00:06]} d6 {[%emt 0:02:33]} 3. d4 {[%emt 0:00:18]} cxd4 {[%emt 0:00:10]} 4. Qxd4 {[%emt 0:00:07]} Nc6 {[%emt 0:00:03]} 5. Qd2 {[%emt 0:00:08]} Nf6 {[%emt 0:00:09]} 6. b3 {[%emt 0:01:43]} e6 {[%emt 0:00:04]} 7. Bb2 {[%emt 0:00:08]} d5 {[%emt 0:00:05]} 8. exd5 {[%emt 0:00:24]} exd5 {[%emt 0:00:13]} 9. O-O-O {[%emt 0:00:31]} Be6 {[%emt 0:00:04]} 10. Kb1 {[%emt 0:00:55]} Qa5 {[%emt 0:05:45]} 11. Nb5 {[%emt 0:01:43]} Qxd2 {[%emt 0:00:58]} 12. Rxd2 {[%emt 0:00:07]} O-O-O {[%emt 0:00:43]} 13. f3 {[%emt 0:10:18]} Bc5 {[%emt 0:04:27]} 14. Ne2 {[%emt 0:07:41]} Rhe8 {[%emt 0:01:52]} 15. Ned4 {[%emt 0:08:31]} Bd7 {[%emt 0:03:57]} 16. Bd3 {[%emt 0:03:31]} Ne5 {[%emt 0:24:20]} 17. Nf5 {[%emt 0:03:21]} Nxd3 {[%emt 0:12:05]} 18. Nbd6+ Kc7 {[%emt 0:08:59]} 19. Bxf6 {[%emt 0:14:41]} gxf6 {[%emt 0:01:21]} 20. Nxe8+ {[%emt 0:00:27]} Rxe8 {[%emt 0:00:22]} 21. Ng7 {[%emt 0:01:12]} Re5 {[%emt 0:08:08]} 22. Rxd3 {[%emt 0:10:02]} Rg5 {[%emt 0:00:34]} 23. Re1 {[%emt 0:19:33]} Rxg7 {[%emt 0:00:59]} 24. Rxd5 {[%emt 0:00:03]} Kc6 {[%emt 0:01:40]} 25. Rh5 {[%emt 0:00:03]} Rxg2 {[%emt 0:02:48]} 26. Rxh7 {[%emt 0:00:12]} Bf5 {[%emt 0:01:13]} 27. Rh8 {[%emt 0:03:11]} Bxc2+ {[%emt 0:00:10]} 28. Kb2 {[%emt 0:00:07]} Bf5+ 0-1

[Event "WJCC U20 Open 2019"]
[Site "New Delhi"]
[Date "2019.10.18"]
[Round "5.24"]
[White "Vykouk, Jan"]
[Black "O`Donnell, Conor"]
[Result "1/2-1/2"]
[WhiteElo "2468"]
[BlackElo "2345"]
[Annotator "ChessBase"]
[PlyCount "71"]
[EventDate "2019.10.15"]
[EventType "swiss"]
[EventCountry "IND"]
[SourceTitle "playchess.com"]
[Source "ChessBase"]
[SourceQuality "1"]
[TimeControl "40/5400+30:1800+30"]

1. e4 {[%emt 0:00:00]} e5 {[%emt 0:00:00]} 2. Nf3 {[%emt 0:00:05]} Nf6 {[%emt 0:00:00]} 3. Nxe5 {[%emt 0:00:26]} d6 {[%emt 0:00:22]} 4. Nd3 {[%emt 0:01:06]} Nxe4 {[%emt 0:00:26]} 5. Qe2 {[%emt 0:00:04]} Qe7 {[%emt 0:00:09]} 6. Nf4 {[%emt 0:00:20]} Nc6 {[%emt 0:01:37]} 7. c3 {[%emt 0:03:16]} Nf6 {[%emt 0:00:51]} 8. Na3 {[%emt 0:01:16]} g5 {[%emt 0:04:54]} 9. Qxe7+ {[%emt 0:00:08]} Bxe7 {[%emt 0:01:54]} 10. Ne2 {[%emt 0:00:04]} Bd7 {[%emt 0:15:03]} 11. d4 {[%emt 0:00:09]} Rg8 {[%emt 0:01:48]} 12. Ng3 {[%emt 0:00:09]} O-O-O {[%emt 0:03:12]} 13. Bd3 {[%emt 0:00:07]} Rde8 {[%emt 0:03:34]} 14. O-O {[%emt 0:00:22]} h5 {[%emt 0:01:55]} 15. Nc4 {[%emt 0:03:57]} Bd8 {[%emt 0:06:45]} 16. Nf5 {[%emt 0:01:35]} d5 {[%emt 0:03:15]} 17. Nce3 {[%emt 0:00:45]} Ne7 {[%emt 0:03:21]} 18. Nh6 {[%emt 0:05:05]} Rg7 {[%emt 0:00:18]} 19. f3 {[%emt 0:00:28]} Be6 {[%emt 0:06:42]} 20. g4 {[%emt 0:11:50]} Rh8 {[%emt 0:05:40]} 21. Nhf5 {[%emt 0:01:00]} Nxf5 {[%emt 0:00:37]} 22. Nxf5 {[%emt 0:00:10]} Rgh7 {[%emt 0:11:40]} 23. Ng3 {[%emt 0:00:21]} Rg7 {[%emt 0:00:20]} 24. h3 {[%emt 0:01:23]} c6 {[%emt 0:01:13]} 25. Kg2 {[%emt 0:00:09]} Kd7 {[%emt 0:02:03]} 26. Bd2 {[%emt 0:00:48]} Bc7 {[%emt 0:04:16]} 27. Rae1 {[%emt 0:01:44]} Rgg8 {[%emt 0:03:17]} 28. Rf2 {[%emt 0:05:27]} hxg4 {[%emt 0:04:17]} 29. fxg4 {[%emt 0:04:06]} Bxg3 {[%emt 0:02:29]} 30. Kxg3 {[%emt 0:00:05]} Ne4+ {[%emt 0:04:00]} 31. Bxe4 {[%emt 0:00:09]} dxe4 {[%emt 0:00:01]} 32. Rxe4 {[%emt 0:02:17]} Rg6 {[%emt 0:00:40]} 33. Rh2 {[%emt 0:11:27]} Bxa2 {[%emt 0:02:21]} 34. Re5 {[%emt 0:00:05]} f6 {[%emt 0:00:30]} 35. Ra5 {[%emt 0:00:05]} Bc4 {[%emt 0:00:45]} 36. h4 {[%emt 0:05:52]} 1/2-1/2